Asuntos predicables para todos los domingos, del primero de Adviento, al ultimo de la Pascua de Resurrección / por el muy Reverendo P. Fr. Diego Niseno, provincial de la provincia de Castilla, Orden de San Basilio Magno

Detalles Bibliográficos
Autor principal: Niseno, Diego, m. 1656
Otros Autores: Bonilla, Juan de, ed
Formato: Libro
Lenguaje:Undetermined
Spanish
Publicado: en Zaragoza : por Juan de Lanaja y Quartanet ; a costa de Juan Bonilla, mercader de libros, 1633.
Materias:
Colección:Banco de datos
Acervo:Museo Virreinal de Zinacantepec. Estado de México
Descripción Física:[8], 283, [23] h. ; 4°
Tema general:Homilética
Notas:Portada con grabado central xilográfico (657). Falta portada (1035). Datos tomados del catálogo de la Biblioteca Armando Olivares de la Universidad de Guanajuato, ejemplar 6943 (1035). Marca de fuego: ilegible (657). Marca de fuego: Convento del Monte Carmelo, Tenancingo, Estado de México (1035). Encuadernación en pergamino (657, 1035). Daños de polilla y en la encuadernación (1035). Daños de polilla, humedad y en la encuadernación (657)
LEADER 01213nam a2200181Ia 4500
008 150723s9999 xx 000 0 und d
041 0 |a spa 
100 1 |a Niseno, Diego, m. 1656 
245 1 0 |a Asuntos predicables para todos los domingos, del primero de Adviento, al ultimo de la Pascua de Resurrección / por el muy Reverendo P. Fr. Diego Niseno, provincial de la provincia de Castilla, Orden de San Basilio Magno 
260 |a en Zaragoza : por Juan de Lanaja y Quartanet ; a costa de Juan Bonilla, mercader de libros, 1633. 
300 |a [8], 283, [23] h. ; 4° 
500 |a Portada con grabado central xilográfico (657). Falta portada (1035). Datos tomados del catálogo de la Biblioteca Armando Olivares de la Universidad de Guanajuato, ejemplar 6943 (1035). Marca de fuego: ilegible (657). Marca de fuego: Convento del Monte Carmelo, Tenancingo, Estado de México (1035). Encuadernación en pergamino (657, 1035). Daños de polilla y en la encuadernación (1035). Daños de polilla, humedad y en la encuadernación (657) 
650 1 0 |a Homilética 
700 1 |a Bonilla, Juan de, ed. 
949 |a 657, 1035 
942 |c ZINACA 
943 |g Museo Virreinal de Zinacantepec. Estado de México 
999 |c 1105681  |d 1105681